Statistics for The Otter quiz

Click here to take the quiz!

General Stats

  • This quiz has been taken 23 times
  • The average score is 3 of 7

Answer Stats

HintAnswer% Correct
Number of otter species13
60%
Baby otterPup
60%
Group of ottersRaft
60%
Female otterSow
33%
Male otterBoar
27%
Smallest SpeciesAsian Small Clawed
20%
Largest SpeciesGiant River Otter
13%

Score Distribution

Percentile by Number Answered

Percent of People with Each Score

Your Score History

You have not taken this quiz